Every U.S. Cabinet Member 1789-1953 - Statistics

General Stats
  • This quiz has been taken 51 times
  • The average score is 140 of 459
Answer Stats
Hint Answer % Correct
Secretary of the Navy (1929-1933) Charles Francis Adams III
100%
President (1789-1797) George Washington
100%
President (1817-1825) | Secretary of State (1811-1817) | Secretary of War (1814-1815) James Monroe
100%
President (1797-1801) | Vice President (1789-1797) John Adams
100%
President (1825-1829) | Secretary of State (1817-1825) John Quincy Adams
100%
President (1801-1809) | Secretary of State (1790-1793) | Vice President (1797-1801) Thomas Jefferson
100%
President (1889-1893) Benjamin Harrison
97%
President (1933-1945) Franklin D. Roosevelt
97%
President (1809-1817) | Secretary of State (1801-1809) James Madison
97%
President (1837-1841) | Secretary of State (1829-1831) | Vice President (1833-1837) Martin Van Buren
97%
President (1901-1909) | Vice President (1901) Theodore Roosevelt
97%
President (1841) WIlliam Henry Harrison
97%
President (1861-1865) Abraham Lincoln
94%
President (1829-1837) Andrew Jackson
94%
President (1865-1869) | Vice President (1865) Andrew Johnson
94%
Postmaster General (1845-1849) Cave Johnson
94%
President (1841-1845) | Vice President (1841) John Tyler
94%
Attorney General (1801-1805) Levi Lincoln
94%
Attorney General (1849-1850) Reverdy Johnson
94%
Vice President (1837-1841) Richard M. Johnson
94%
Attorney General (1940-1941) Robert H. Jackson
94%
Secretary of War (1881-1885) Robert Todd Lincoln
94%
Secretary of the Treasury (1789-1795) Alexander Hamilton
92%
Attorney General (1876-1877) | Secretary of War (1876) Alphonso Taft
92%
Vice President (1873-1875) Henry Wilson
92%
President (1929-1933) | Secretary of Commerce (1921-1928) Herbert Hoover
92%
Secretary of Defense (1949-1950) Louis Johnson
92%
Secretary of the Navy (1809-1813) Paul Hamilton
92%
President (1909-1913) | Secretary of War (1904-1908) William Howard Taft
92%
President (1913-1921) Woodrow Wilson
92%
President (1881-1885) | Vice President (1881) Chester Arthur
89%
President (1853-1857) Franklin Pierce
89%
President (1885-1889) | President (1893-1897) Grover Cleveland
89%
President (1945-1953) | Vice President (1945) Harry Truman
89%
President (1881) James Garfield
89%
Secretary of the Interior (1907-1909) James Rudolph Garfield
89%
Secretary of Agriculture (1897-1913) James Wilson
89%
President (1869-1877) Ulysses Grant
89%
President (1921-1923) Warren Harding
89%
Postmaster General (1895-1897) | Secretary of Labor (1913-1921) William Wilson
89%
President (1849-1850) Zachary Taylor
89%
President (1923-1929) | Vice President (1921-1923) Calvin Coolidge
86%
President (1850-1853) | Vice President (1849-1850) Millard Fillmore
86%
Secretary of State (1825-1829) Henry Clay
83%
Secretary of State (1898-1905) John Hay
83%
President (1877-1881) Rutherford Hayes
83%
President (1897-1901) William McKinley
83%
Vice President (1805-1812) George Clinton
81%
Postmaster General (1861) Horatio King
81%
President (1857-1861) | Secretary of State (1845-1849) James Buchanan
81%
President (1845-1849) James Polk
81%
Vice President (1853) William R. King
78%
Secretary of Defense (1950-1951) | Secretary of State (1947-1949) George Marshall
75%
Secretary of Agriculture (1921-1924) Henry C. Wallace
75%
Secretary of Agriculture (1933-1940) | Secretary of Commerce (1945-1946) | Vice President (1941-1945) Henry Wallace
75%
Secretary of State (1800-1801) John Marshall
75%
Vice President (1801-1805) Aaron Burr
72%
Secretary of State (1844-1845) | Secretary of War (1817-1825) | Vice President (1825-1832) John C. Calhoun
72%
Vice President (1893-1897) Adlai Stevenson
69%
Secretary of the Interior (1861-1863) Caleb B. Smith
69%
Vice President (1925-1929) Charles Dawes
69%
Postmaster General (1898-1902) Charles Smith
69%
Secretary of the Interior (1893-1896) Hoke Smith
69%
Secretary of State (1809-1811) | Secretary of the Navy (1801-1809) Robert Smith
69%
Secretary of State (1913-1915) William Jennings Bryan
69%
Secretary of Labor (1921-1930) James Davis
67%
Vice President (1909-1912) James S. Sherman
67%
Secretary of War (1853-1857) Jefferson Davis
67%
Secretary of State (1897-1898) | Secretary of the Treasury (1877-1881) John Sherman
67%
Secretary of War (1925-1929) Dwight F. Davis
64%
Vice President (1869-1873) Schuyler Colfax
64%
Secretary of State (1861-1869) William Seward
64%
Vice President (1929-1933) Charles Curtis
61%
Vice President (1813-1814) Elbridge Gerry
61%
Vice President (1861-1865) Hannibal Hamlin
61%
Attorney General (1805-1806) John Breckinridge
61%
Vice President (1857-1861) John C. Breckinridge
61%
Secretary of the Navy (1940-1944) Frank Knox
58%
Secretary of War (1789-1794) Henry Knox
58%
Vice President (1933-1941) John Nance Garner
58%
Attorney General (1901-1904) | Secretary of State (1909-1913) Philander Knox
58%
Vice President (1949-1953) Alben Barkley
56%
Secretary of the Treasury (1814-1816) Alexander Dallas
56%
Vice President (1845-1849) George Dallas
56%
Secretary of the Navy (1813-1814) William Jones
56%
Vice President (1905-1909) Charles Fairbanks
53%
Attorney General (1871-1875) George Williams
53%
Postmaster General (1874) James Marshall
53%
Secretary of Commerce (1940-1945) Jesse Jones
53%
Vice President (1913-1921) Thomas Marshall
53%
Attorney General (1795-1801) Charles Lee
50%
Vice President (1817-1825) Daniel Tompkins
50%
Vice President (1897-1899) Garret Hobart
50%
Vice President (1885) Thomas Hendricks
50%
Attorney General (1789-1794) | Secretary of State (1794-1795) Edmund Randolph
47%
Secretary of State (1881) | Secretary of State (1889-1892) James Blaine
47%
Attorney General (1857-1860) | Secretary of State (1860-1861) Jeremiah Black
47%
Secretary of the Treasury (1861-1864) Salmon Chase
47%
Postmaster General (1857-1859) Aaron V. Brown
44%
Secretary of State (1841-1843) | Secretary of State (1850-1852) Daniel Webster
44%
Secretary of the Navy (1852-1853) John P. Kennedy
44%
Secretary of Agriculture (1893-1897) J. Sterling Morton
44%
Vice President (1889-1893) Levi Morton
44%
Secretary of the Navy (1904-1905) Paul Morton
44%
Secretary of the Treasury (1860-1861) Philip F. Thomas
42%
Postmaster General (1929-1933) Walter Folger Brown
42%
Vice President (1877-1881) William Wheeler
42%
Secretary of State (1869-1877) Hamilton Fish
39%
Secretary of the Navy (1819-1823) Smith Thompson
39%
Secretary of War (1815-1816) | Secretary of the Treasury (1816-1825) William Crawford
39%
Secretary of State (1921-1925) Charles Evans Hughes
36%
Secretary of State (1933-1944) Cordell Hull
36%
Attorney General (1860-1861) | Secretary of War (1862-1868) Edwin Stanton
36%
Secretary of Labor (1933-1945) Frances Perkins
36%
Secretary of War (1849-1850) George Crawford
36%
Secretary of the Treasury (1934-1945) Henry Morgenthau Jr.
36%
Secretary of the Interior (1857-1861) Jacob Thompson
36%
Secretary of State (1857-1860) | Secretary of War (1831-1836) Lewis Cass
36%
Secretary of the Navy (1877-1880) Richard Thompson
36%
Attorney General (1945-1949) Tom C. Clark
36%
Secretary of War (1841) John Bell
33%
Secretary of Agriculture (1945-1948) Clinton Anderson
31%
Secretary of State (1949-1953) Dean Acheson
31%
Secretary of State (1945-1947) James Byrnes
31%
Postmaster General (1881) Thomas James
31%
Secretary of the Interior (1921-1923) Albert Fall
28%
Secretary of the Interior (1896-1897) David Francis
28%
Attorney General (1919-1921) A. Mitchell Palmer
25%
Secretary of the Treasury (1921-1932) Andrew Mellon
25%
Secretary of State (1905-1909) | Secretary of War (1899-1904) Elihu Root
25%
Secretary of State (1881-1885) Frederick T. Frelinghuysen
25%
Secretary of the Navy (1913-1921) Josephus Daniels
25%
Secretary of the Treasury (1873-1874) William Adams Richardson
25%
Secretary of State (1920-1921) Bainbridge Colby
22%
Attorney General (1924-1925) Harlan F. Stone
22%
Secretary of State (1929-1933) | Secretary of War (1911-1913) | Secretary of War (1940-1945) Henry Stimson
22%
Secretary of War (1908-1909) Luke Wright
22%
Attorney General (1814-1817) | Secretary of the Treasury (1825-1829) Richard Rush
22%
Secretary of the Treasury (1845-1849) Robert Walker
22%
Secretary of the Treasury (1913-1918) William Gibbs McAdoo
22%
Attorney General (1889-1893) William H. H. Miller
22%
Secretary of State (1898) William R. Day
22%
Secretary of the Treasury (1801-1814) Albert Gallatin
19%
Secretary of Agriculture (1913-1920) | Secretary of the Treasury (1920-1921) David Houston
19%
Secretary of State (1831-1833) Edward Livingston
19%
Secretary of State (1925-1929) Frank B. Kellogg
19%
Postmaster General (1940-1945) Frank C. Walker
19%
Secretary of the Treasury (1814) George Campbell
19%
Secretary of the Navy (1861-1869) Gideon Welles
19%
Postmaster General (1947-1953) Jesse Donaldson
19%
Secretary of State (1849-1850) John Clayton
19%
Attorney General (1845-1846) | Secretary of the Navy (1844-1845) | Secretary of the Navy (1846-1849) John Y. Mason
19%
Postmaster General (1861-1864) Montgomery Blair
19%
Secretary of State (1915-1920) Robert Lansing
19%
Secretary of War (1861-1862) Simon Cameron
19%
Attorney General (1929-1933) William D. Mitchell
19%
Secretary of State (1843-1844) | Secretary of the Navy (1841-1843) Abel Upshur
17%
Secretary of Commerce (1938-1940) Harry Hopkins
17%
Postmaster General (1923-1929) Harry New
17%
Secretary of the Interior (1869-1870) Jacob D. Cox
17%
Postmaster General (1853-1857) James Campbell
17%
Secretary of War (1876-1877) J. Donald Cameron
17%
Attorney General (1831-1833) | Secretary of the Treasury (1833-1834) Roger Taney
17%
Secretary of the Navy (1850-1852) William Graham
17%
Attorney General (1833-1838) Benjamin F. Butler
14%
Secretary of the Treasury (1918-1920) Carter Glass
14%
Secretary of War (1796-1800) James McHenry
14%
Secretary of War (1813-1814) John Armstrong
14%
Attorney General (1843-1845) John Nelson
14%
Secretary of the Interior (1885-1888) Lucius Quintus Cincinnatus Lamar
14%
Postmaster General (1850-1852) Nathan K. Hall
14%
Secretary of State (1795-1800) | Secretary of War (1795) Timothy Pickering
14%
Secretary of the Navy (1881-1882) William H. Hunt
14%
Attorney General (1904-1906) | Secretary of the Navy (1902-1904) William Moody
14%
Secretary of War (1844-1845) William Wilkins
14%
Attorney General (1817-1829) William Wirt
14%
Attorney General (1807-1811) Caesar A. Rodney
11%
Secretary of the Navy (1939-1940) Charles Edison
11%
Postmaster General (1877-1880) David M. Key
11%
Postmaster General (1888-1889) Donald Dickinson
11%
Attorney General (1861-1864) Edward Bates
11%
Postmaster General (1841) Francis Granger
11%
Attorney General (1939-1940) Frank Murphy
11%
Secretary of War (1801-1809) Henry Dearborn
11%
Secretary of the Navy (1893-1897) Hilary Herbert
11%
Secretary of Agriculture (1924-1925) Howard Gore
11%
Secretary of War (1909-1911) Jacob Dickinson
11%
Postmaster General (1933-1940) James Farley
11%
Secretary of the Interior (1865-1866) James Harlan
11%
Secretary of War (1843-1844) James Porter
11%
Secretary of the Treasury (1861) John Adams Dix
11%
Secretary of War (1829-1831) John Eaton
11%
Secretary of the Interior (1920-1921) John Payne
11%
Secretary of Commerce (1919-1921) Joshua Alexander
11%
Secretary of the Navy (1834-1838) Mahlon Dickerson
11%
Secretary of the Treasury (1932-1933) Ogden L. Mills
11%
Secretary of the Treasury (1795-1800) Oliver Wolcott
11%
Secretary of Commerce and Labor (1906-1909) Oscar Straus
11%
Secretary of War (1828-1829) Peter Porter
11%
Secretary of State (1909) Robert Bacon
11%
Secretary of War (1945-1947) Robert P. Patterson
11%
Secretary of the Interior (1928-1929) Roy West
11%
Secretary of the Treasury (1829-1831) Samuel Ingham
11%
Secretary of State (1885-1889) Thomas F. Bayard
11%
Postmaster General (1921-1922) Will H. Hays
11%
Postmaster General (1829-1835) William Barry
11%
Postmaster General (1835-1840) Amos Kendall
8%
Secretary of State (1852-1853) Edward Everett
8%
Secretary of State (1944-1945) Edward Stettinius Jr.
8%
Secretary of State (1869) Elihu Washburne
8%
Secretary of the Treasury (1844-1845) George Bibb
8%
Secretary of the Interior (1933-1946) Harold Ickes
8%
Postmaster General (1902-1904) Henry Payne
8%
Secretary of War (1825-1828) James Barbour
8%
Secretary of Defense (1947-1949) | Secretary of the Navy (1944-1947) James Forrestal
8%
Secretary of War (1929) James Good
8%
Secretary of the Treasury (1853-1857) James Guthrie
8%
Attorney General (1829-1831) John Berrien
8%
Secretary of the Navy (1829-1831) John Branch
8%
Secretary of State (1834-1841) John Forsyth
8%
Secretary of War (1868-1869) John Schofield
8%
Secretary of War (1841-1843) | Secretary of the Treasury (1843-1844) John Spencer
8%
Secretary of the Navy (1831-1834) | Secretary of the Treasury (1834-1841) Levi Woodbury
8%
Secretary of the Treasury (1902-1907) L. M. Shaw
8%
Secretary of State (1833-1834) | Secretary of the Treasury (1831-1833) Louis McLane
8%
Attorney General (1846-1848) Nathan Clifford
8%
Secretary of War (1916-1921) Newton Baker
8%
Secretary of War (1800-1801) | Secretary of the Treasury (1801) Samuel Dexter
8%
Secretary of the Interior (1849-1850) | Secretary of the Treasury (1841) Thomas Ewing
8%
Attorney General (1914-1919) Thomas Gregory
8%
Postmaster General (1881-1883) Timothy O. Howe
8%
Secretary of the Interior (1911-1913) Walter Fisher
8%
Secretary of Commerce (1946-1948) W. Averell Harriman
8%
Attorney General (1794-1795) William Bradford
8%
Secretary of the Navy (1882-1885) William Chandler
8%
Secretary of War (1809-1813) William Eustis
8%
Attorney General (1868-1869) | Secretary of State (1877-1881) William M. Evarts
8%
Secretary of the Treasury (1864-1865) William P. Fessenden
8%
Secretary of the Navy (1849-1850) William Preston
8%
Secretary of the Treasury (1881) | Secretary of the Treasury (1889-1891) William Windom
8%
Secretary of the Interior (1875-1877) Zachariah Chandler
8%
Postmaster General (1866-1869) Alexander Randall
6%
Secretary of the Interior (1850-1853) Alexander Stuart
6%
Attorney General (1870-1871) Amos Akerman
6%
Secretary of the Treasury (1874-1876) Benjamin Bristow
6%
Secretary of the Navy (1798-1801) Benjamin Stoddert
6%
Secretary of the Interior (1877-1881) Carl Schurz
6%
Secretary of War (1850-1853) Charles Conrad
6%
Secretary of the Treasury (1891-1893) Charles Foster
6%
Secretary of the Treasury (1881-1884) Charles J. Folger
6%
Secretary of Commerce (1948-1953) Charles Sawyer
6%
Postmaster (1841-1845) Charles Wickliffe
6%
Secretary of the Interior (1870-1875) Columbus Delano
6%
Secretary of the Navy (1843-1844) David Henshaw
6%
Attorney General (1941-1945) Francis Biddle
6%
Secretary of the Treasury (1945-1946) Fred M. Vinson
6%
Secretary of the Navy (1841) George Badger
6%
Secretary of the Navy (1845-1846) George Bancroft
6%
Secretary of the Interior (1882-1885) Henry Teller
6%
Attorney General (1933-1939) Homer Cummings
6%
Secretary of the Treasury (1857-1860) Howell Cobb
6%
Attorney General (1841-1843) Hugh Legare
6%
Attorney General (1848-1849) | Secretary of the Navy (1857-1861) Isaac Toucey
6%
Postmaster General (1849-1850) Jacob Collamer
6%
Secretary of the Navy (1838-1841) James Kirke Paulding
6%
Attorney General (1913-1914) James McReynolds
6%
Attorney General (1864-1866) James Speed
6%
Secretary of Agriculture (1889-1893) Jeremiah Rusk
6%
Secretary of War (1837-1841) Joel Poinsett
6%
Attorney General (1841) | Attorney General (1850-1853) John Crittenden
6%
Secretary of the Navy (1897-1902) John Davis Long
6%
Secretary of War (1857-1860) John Floyd
6%
Secretary of State (1892-1893) John Foster
6%
Postmaster General (1840-1841) John M. Niles
6%
Secretary of War (1869) John Rawlins
6%
Secretary of the Treasury (1946-1953) John Snyder
6%
Secretary of War (1921-1925) John Weeks
6%
Postmaster General (1859-1860) | Secretary of War (1861) Joseph Holt
6%
Attorney General (1897-1898) Joseph McKenna
6%
Secretary of the Treasury (1876-1877) Lot Morrill
6%
Secretary of the Navy (1881) Nathan Goff
6%
Secretary of Agriculture (1889) Norman Coleman
6%
Secretary of the Interior (1909-1911) Richard Ballinger
6%
Secretary of Commerce (1932-1933) Roy Chapin
6%
Secretary of the Navy (1823-1829) Samuel Southard
6%
Secretary of the Treasury (1850-1853) Thomas Corwin
6%
Secretary of the Navy (1844) Thomas Gilmer
6%
Secretary of the Interior (1850) Thomas McKennan
6%
Secretary of Commerce and Labor (1904-1906) | Secretary of the Navy (1906-1908) Victor Metcalf
6%
Secretary of the Treasury (1841-1843) Walter Forward
6%
Postmaster General (1883-1884) | Secretary of State (1893-1895) | Secretary of the Treasury (1884) Walter Q. Gresham
6%
Secretary of War (1869-1876) William Belknap
6%
Secretary of War (1885-1889) William Crowninshield Endicott
6%
Secretary of the Treasury (1833) William Duane
6%
Secretary of State (1853-1857) | Secretary of War (1845-1849) William Marcy
6%
Secretary of the Treasury (1849-1850) William Meredith
6%
Attorney General (1811-1814) William Pinkney
6%
Secretary of the Treasury (1933) William Woodin
6%
Secretary of the Navy (1869) Adolph Borie
3%
Postmaster General (1913-1921) Albert Burleson
3%
Secretary of War (1879-1881) Alexander Ramsey
3%
Secretary of Agriculture (1929-1933) Arthur M. Hyde
3%
Attorney General (1885-1889) Augustus Garland
3%
Attorney General (1881-1885) Benjamin Brewster
3%
Secretary of the Navy (1815-1818) Benjamin Crowninshield
3%
Secretary of the Navy (1889-1893) Benjamin Tracy
3%
Attorney General (1853-1857) Caleb Cushing
3%
Attorney General (1906-1909) | Secretary of the Navy (1905-1906) Charles Bonaparte
3%
Secretary of Agriculture (1948-1953) Charles Brannan
3%
Attorney General (1877-1881) Charles Devens
3%
Secretary of Commerce and Labor (1909-1913) Charles Nagel
3%
Secretary of the Treasury (1887-1889) Charles S. Fairchild
3%
Secretary of the Navy (1933-1939) Claude Swanson
3%
Secretary of Agriculture (1940-1945) Claude Wickard
3%
Secretary of the Interior (1897-1899) Cornelius Bliss
3%
Secretary of the Navy (1924-1929) Curtis D. Wilbur
3%
Secretary of the Treasury (1885-1887) Daniel Manning
3%
Secretary of Commerce (1933-1938) Daniel Roper
3%
Secretary of War (1893-1897) Daniel S. Lamont
3%
Attorney General (1869-1870) Ebenezer Hoar
3%
Attorney General (1875-1876) Edwards Pierrepont
3%
Secretary of the Navy (1921-1924) Edwin Denby
3%
Secretary of Agriculture (1920-1921) Edwin T. Meredith
3%
Secretary of the Interior (1899-1907) Ethan Hitchcock
3%
Attorney General (1838-1839) Felix Grundy
3%
Postmaster General (1884-1885) Frank Hatton
3%
Postmaster General (1909-1913) Frank Hitchcock
3%
Secretary of the Interior (1913-1920) Franklin Lane
3%
Secretary of the Treasury (1909-1913) Franklin MacVeagh
3%
Secretary of the Treasury (1869-1873) George Boutwell
3%
Postmaster General (1905-1907) | Secretary of Commerce and Labor (1903-1904) | Secretary of the Treasury (1907-1909) George Cortelyou
3%
Secretary of War (1933-1936) George Dern
3%
Postmaster General (1907-1909) | Secretary of the Navy (1909-1913) George Meyer
3%
Secretary of the Navy (1869-1877) George Robeson
3%
Attorney General (1909-1913) George Wickersham
3%
Secretary of War (1877-1879) George W. McCrary
3%
Attorney General (1921-1924) Harry Daugherty
3%
Secretary of War (1936-1940) Harry Hines Woodring
3%
Attorney General (1840-1841) Henry Gilpin
3%
Attorney General (1866-1868) Henry Stanbery
3%
Postmaster General (1880-1881) Horace Maynard
3%
Attorney General (1949-1952) Howard McGrath
3%
Postmaster General (1922-1923) | Secretary of the Interior (1923-1928) Hubert Work
3%
Secretary of the Treasury (1865-1869) | Secretary of the Treasury (1884-1885) Hugh McCulloch
3%
Secretary of the Navy (1853-1857) James Dobbin
3%
Postmaster General (1897-1898) James Gary
3%
Attorney General (1952-1953) James P. McGranery
3%
Postmaster General (1876-1877) James Tyner
3%
Postmaster General (1869-1874) John Creswell
3%
Secretary of the Treasury (1893-1897) John G. Carlisle
3%
Secretary of the Interior (1889-1893) John Noble
3%
Attorney General (1925-1929) John Sargent
3%
Secretary of the Interior (1863-1865) John Usher
3%
Postmaster General (1889-1893) John Wanamaker
3%
Attorney General (1898-1901) John W. Griggs
3%
Attorney General (1895-1897) Judson Harmon
3%
Secretary of the Interior (1946-1949) Julius Krug
3%
Secretary of War (1947) Kenneth Royall
3%
Secretary of Labor (1945-1948) Lewis B. Schwellenbach
3%
Secretary of War (1913-1916) Lindley Garrison
3%
Secretary of the Treasury (1897-1902) Lyman Gage
3%
Postmaster General (1874-1876) Marshall Jewell
3%
Secretary of Labor (1948-1953) Maurice Tobin
3%
Secretary of the Interior (1866-1869) Orville Browning
3%
Secretary of the Interior (1949-1953) Oscar Chapman
3%
Secretary of War (1929-1933) Patrick Hurley
3%
Secretary of the Interior (1929-1933) Ray Wilbur
3%
Secretary of War (1889-1891) Redfield Proctor
3%
Attorney General (1893-1895) | Secretary of State (1895-1897) Richard Olney
3%
Secretary of Defense (1951-1953) Robert A. Lovett
3%
Postmaster General (1945-1947) Robert Hannegan
3%
Secretary of Commerce (1929-1932) Robert Lamont
3%
Secretary of the Interior (1853-1857) Robert McClelland
3%
Postmaster General (1904-1905) Robert Wynne
3%
Secretary of War (1897-1899) Russell Alger
3%
Postmaster General (1852-1853) Samuel Hubbard
3%
Secretary of the Interior (1881-1882) Samuel Kirkwood
3%
Secretary of War (1891-1893) Stephen B. Elkins
3%
Secretary of the Navy (1908-1909) Truman Newberry
3%
Attorney General (1881) Wayne MacVeagh
3%
Secretary of the Navy (1885-1889) William Collins Whitney
3%
Postmaster General (1864-1866) William Dennison
3%
Secretary of Labor (1930-1933) William Doak
3%
Postmaster General (1885-1888) | Secretary of the Interior (1888-1889) William F. Vilas
3%
Secretary of Agriculture (1925-1929) William Jardine
3%
Secretary of Commerce (1913-1919) William Redfield
3%
Secretary of Commerce (1928-1929) William Whiting
3%
Postmaster General (1893-1895) Wilson S. Bissell
3%
No matching quizzes found
Score Distribution
Percent of People with Each Score
Percentile by Number Answered
Your Score History
You have not taken this quiz